science of mythology: (Record no. 9007)
[ view plain ]
| 000 -LEADER | |
|---|---|
| fixed length control field | 00668nac a22001691u 4500 |
| 020 ## - INTERNATIONAL STANDARD BOOK NUMBER | |
| International Standard Book Number | 0415267420 |
| 082 ## - DEWEY DECIMAL CLASSIFICATION NUMBER | |
| Classification number | 291.13 |
| Item number | JUN |
| 090 ## - LOCALLY ASSIGNED LC-TYPE CALL NUMBER (OCLC); LOCAL CALL NUMBER (OCLC) | |
| -- | 9007 |
| -- | 9007 |
| 100 ## - MAIN ENTRY--PERSONAL NAME | |
| Personal name | Jung, C. G. |
| 245 ## - TITLE STATEMENT | |
| Title | science of mythology: |
| Remainder of title | Essays on the myth of the divine child and the mysteries of Elusis/ |
| Statement of responsibility, etc | C. G. Jung and C. Kerenyi; translated by R. F. C. Hull |
| 260 ## - PUBLICATION, DISTRIBUTION, ETC. (IMPRINT) | |
| Place of publication, distribution, etc | London: |
| Name of publisher, distributor, etc | Routledge,1963 |
| Date of publication, distribution, etc | 1963 |
| 300 ## - PHYSICAL DESCRIPTION | |
| Extent | 230p.; |
| Dimensions | 20 cm. |
| 500 ## - GENERAL NOTE | |
| General note | distributer: Scientific home bookshop |
| 511 ## - PARTICIPANT OR PERFORMER NOTE | |
| Participant or performer note | catalogued by: wessam |
| 650 ## - SUBJECT ADDED ENTRY--TOPICAL TERM | |
| Topical term or geographic name as entry element | Mythology |
| 942 ## - ADDED ENTRY ELEMENTS (KOHA) | |
| Item type | Book - Borrowing |
| Call number prefix | 291.13JUN |
| Withdrawn status | Item status | Damaged status | Not for loan | Home library | Current library | Shelving location | Date acquired | Source of acquisition | Total Checkouts | Full call number | Barcode | Date last seen | Date last borrowed | Cost, replacement price | Koha item type |
|---|---|---|---|---|---|---|---|---|---|---|---|---|---|---|---|
| Central Library | Central Library | Lower Floor | 03/04/2008 | Purchase | 2 | 291.13JUN | 000010414 | 15/07/2025 | 05/01/2014 | 145.00 | Book - Borrowing |